| 000 | 00532nam a2200193Ia 4500 | ||
|---|---|---|---|
| 999 |
_c47408 _d47408 |
||
| 001 | 14270 | ||
| 003 | GE_BSU | ||
| 005 | 20221129102811.0 | ||
| 008 | 181216s1952||||enk|||||||||||||| ||eng|| | ||
| 040 | _cGE_BSU | ||
| 041 | _aeng | ||
| 080 | _a159.9(038) D-80 | ||
| 100 |
_aDrever, James _916182 |
||
| 245 | 2 |
_aA Dictionary of Psychology / _cJames Drever ; Revised by Harvey Wallerstein. |
|
| 264 |
_aMaryland : _bPenguin Books, _c1952. |
||
| 300 |
_a320 p.; _b18 cm. |
||
| 653 | _aფსიქოლოგია | ||
| 942 |
_cBK _2udc |
||